LEADER 00968nam0-22003011i-450- 001 990001006240403321 005 20050511144756.0 035 $a000100624 035 $aFED01000100624 035 $a(Aleph)000100624FED01 035 $a000100624 100 $a20020001d--------km-y0itay50------ba 101 0 $aeng 200 1 $aProceedings of the Heidelberg International Conference on Elementary Particles$eHeld at Heidelberg, Germany, September 20-27, 1967$fEditor: H. Filthuth 210 $aAmsterdam$cNorth-Holland$d1968 610 0 $aParticelle elementari 610 0 $aRaggi cosmici 610 0 $aAcceleratori 676 $a539.72539.73 700 1$aFilthuth,$bH.$047633 801 0$aIT$bUNINA$gRICA$2UNIMARC 901 $aBK 912 $a990001006240403321 952 $a33-076.003$b6052$fFI1 952 $a33-076.03A$fFI1 959 $aFI1 996 $aProceedings of the Heidelberg International Conference on Elementary Particles$9354847 997 $aUNINA LEADER 01364nas 2200445-a 450 001 996200921903316 005 20240511213016.0 011 $a1988-2610 035 $a(DE-599)ZDB2266696-5 035 $a(OCoLC)122999829 035 $a(CKB)110978984351045 035 $a(CONSER)--2009253069 035 $a(EXLCZ)99110978984351045 100 $a20070412a19919999 --- - 101 0 $aspa 135 $aurbn||||||||| 181 $ctxt$2rdacontent 182 $cc$2rdamedia 183 $acr$2rdacarrier 200 00$aCuadernos de estudios empresariales 210 $aMadrid $cServicio de Publicaciones de la Universidad Complutense 215 $a1 online resource 300 $aRefereed/Peer-reviewed 311 $a1131-6985 531 0 $aCuad. estud. empres. 606 $aBusiness$vPeriodicals 606 $aBusiness$2fast$3(OCoLC)fst00842262 606 $aEmpreses$xDirecció i administració$vRevistes$2lemac 606 $aEconomia d'empresa$vRevistes$2lemac 608 $aPeriodicals.$2fast 610 $aCommerce - General 615 0$aBusiness 615 7$aBusiness. 615 7$aEmpreses$xDirecció i administració 615 7$aEconomia d'empresa 712 02$aUniversidad Complutense de Madrid. 906 $aJOURNAL 912 $a996200921903316 996 $aCuadernos de estudios empresariales$92190757 997 $aUNISA